TV Shows: Did They Survive the '80s? Quiz Stats

 Plays Quiz Updated Jun 10, 2015

Challenge
Share
Tweet
Embed
Score 0/24 Timer 05:00
2 Plays Today
Show Y or N? % Correct
Roseanne???
91.3%
Full House???
88.9%
Saved by the Bell???
87.2%
The Cosby Show???
86.8%
The Golden Girls???
84.8%
Sledge Hammer!???
84.6%
Cheers???
84.5%
Too Close for Comfort???
81.9%
Simon & Simon???
80.7%
The Wonder Years???
76.5%
The A-Team???
74.2%
Cagney & Lacey???
73%
Show Y or N? % Correct
Punky Brewster???
72.9%
Growing Pains???
72.3%
Knight Rider???
72.1%
St. Elsewhere???
66.4%
Hill Street Blues???
65.6%
Magnum, P.I.???
61.4%
Perfect Strangers???
44.9%
Family Ties???
44.2%
21 Jump Street???
43.7%
ALF???
41.1%
Miami Vice???
40.9%
Charles in Charge???
39.4%

You're not logged in!

Compare scores with friends on all Sporcle quizzes.
Join for Free
OR
Log In

You Might Also Like...

Show Comments

Extras

Top Quizzes Today


Score Distribution

Your Account Isn't Verified!

In order to create a playlist on Sporcle, you need to verify the email address you used during registration. Go to your Sporcle Settings to finish the process.

Report this User

Report this user for behavior that violates our Community Guidelines.

Details: